石川県の市町村(1968年) - Statistics

General Stats
  • This quiz has been taken 20 times
  • The average score is 25 of 42
Answer Stats
コード 市町村 備考 % Correct
17201 金沢市
100%
17203 小松市
100%
17202 七尾市
92%
17204 輪島市
92%
17205 珠洲市
92%
17206 加賀市
83%
17207 羽咋市
83%
17322 能美郡寺井町 2005年消滅
67%
17342 石川郡美川町 2005年消滅
67%
17344 石川郡野々市町 2011年昇格
67%
17421 鳳至郡穴水町
67%
17422 鳳至郡門前町
67%
17423 鳳至郡能都町 2005年消滅
67%
17321 能美郡根上町 2005年消滅
58%
17323 能美郡辰口町 2005年消滅
58%
17341 石川郡松任町 1970年昇格
58%
17343 石川郡鶴来町 2005年消滅
58%
17361 河北郡津幡町
58%
17362 河北郡高松町 2004年消滅
58%
17364 河北郡宇ノ気町 2004年消滅
58%
17365 河北郡内灘町
58%
17384 羽咋郡志賀町
58%
17404 鹿島郡鹿島町 2005年消滅
58%
17324 能美郡川北村 1980年昇格
50%
17345 石川郡河内村 2005年消滅
50%
17347 石川郡鳥越村 2005年消滅
50%
17349 石川郡白峰村 2005年消滅
50%
17363 河北郡七塚町 2004年消滅
50%
17382 羽咋郡富来町 2005年消滅
50%
17383 羽咋郡志雄町 2005年消滅
50%
17385 羽咋郡押水町 2005年消滅
50%
17401 鹿島郡田鶴浜町 2004年消滅
50%
17403 鹿島郡中島町 2004年消滅
50%
17405 鹿島郡能登島町 2004年消滅
50%
17406 鹿島郡鹿西町 2005年消滅
50%
17424 鳳至郡柳田村 2005年消滅
50%
17301 江沼郡山中町 2005年消滅
42%
17346 石川郡吉野谷村 2005年消滅
42%
17348 石川郡尾口村 2005年消滅
42%
17402 鹿島郡鳥屋町 2005年消滅
42%
17441 珠洲郡内浦町 2005年消滅
42%
17381 羽咋郡高浜町 1970年消滅
33%
No matching quizzes found
Score Distribution
Percent of People with Each Score
Percentile by Number Answered
Your Score History
You have not taken this quiz